000 003230000a22001450004500
005 20120302054453.0
942 _cBOOK
245 _a Kalyan Anka:Varsha 40 Dharmanka
260 _aGorakhpur:Geeta,1966.
300 _a700p.
040 _aHIN
650 _aSankirna
650 _aMaasik-Sankirna
650 _aKalyan-Maasik
999 _c345717
_d345714